Building Large Knowledge-Based Systems: Representation and Inference in the Cyc Project
| المؤلف الرئيسي: | |
|---|---|
| التنسيق: | غير معروف |
| منشور في: |
Addison-Wesley
1990
|
| LEADER | 00265 a2200085 4500 | ||
|---|---|---|---|
| 020 | |a 9780201517521 | ||
| 100 | |a D.B. Lenat , R.V. Guha | ||
| 245 | |a Building Large Knowledge-Based Systems: Representation and Inference in the Cyc Project | ||
| 260 | |b Addison-Wesley |c 1990 | ||
| 999 | |c 42225 |d 42225 | ||